Αγροτική εκτιμητική

Αποθηκεύτηκε σε:
Λεπτομέρειες βιβλιογραφικής εγγραφής
Κύριος συγγραφέας: Αθανασάτος, Δημ. Γ.
Μορφή: Βιβλίο
Γλώσσα:Greek
Δημοσίευση: Αθήνα : 1976
Θέματα:
Ετικέτες: Προσθήκη ετικέτας
Δεν υπάρχουν, Καταχωρήστε ετικέτα πρώτοι!

MARC

LEADER 00000nam a2200000 i 4500
001 1/27080
008 960729s1976 gre d
035 |l 10022792 
040 |a GR-MY-UA  |b gre  |e aacr 
041 0 |a gre 
082 0 |a 338.1 
100 1 |a Αθανασάτος, Δημ. Γ. 
245 1 0 |a Αγροτική εκτιμητική /  |c Δημ.Γ.Αθανασάτου 
260 |a Αθήνα :   |c 1976 
300 |a 124 σ. 
500 |a Περιλαμβάνει βιβλιογραφία 
650 0 0 |a Agriculture. 
650 0 0 |a Agriculture  |x Economic aspects. 
852 |a INST  |b CHIOS  |e 19960729  |h 338.1 ΑΘΑ  |p 005200008623  |q 005200008623  |t BK  |y 0 
909 |a Χ  |b 018504